[Event "Titled Tuesday intern op 10th Sep Late"]
[Site "Chess,com INT"]
[Date "2024.09.10"]
[Round "5"]
[White "Dziewonski, Dariusz"]
[Black "Panchenko, Dmitry"]
[Result "0-1"]
[WhiteElo "2251"]
[BlackElo "2311"]
[PlyCount "70"]
[EventDate "2024.09.10"]
[EventType "swiss (blitz)"]
[EventRounds "11"]
[EventCountry "USA"]
[SourceTitle "EXT 2025"]
[Source "ChessBase"]
[SourceDate "2024.10.14"]
[SourceVersion "1"]
[SourceVersionDate "2024.10.14"]
[SourceQuality "1"]

1. e4 e5 2. Nf3 Nc6 3. Nc3 Nf6 4. d4 exd4 5. Nxd4 Bb4 6. Nxc6 bxc6 7. Bd3 d5 8. Bd2 0-0 9. 0-0 Rb8 10. Re1 Re8 11. exd5 cxd5 12. Rxe8+ Qxe8 13. Bg5 Bxc3 14. bxc3 Qc6 15. c4 dxc4 16. Bxc4 Ba6 17. Bb3 Bb7 18. Qf1 h6 19. Be3 a5 20. a4 Re8 21. Bd4 Re4 22. c3 Rg4 23. f3 Qxf3 24. Qxf3 Bxf3 25. g3 Ne4 26. Rf1 Nd2 27. Bxf7+ Kxf7 28. Rf2 Nb3 29. Rxf3+ Kg6 30. Rd3 c5 31. Be5 Rxa4 32. Rd7 Ra2 33. g4 Kg5 34. Rxg7+ Kh4 35. Rg6 a4 0-1

[Event "Titled Tuesday intern op 23rd Jan Early"]
[Site "Chess.com INT"]
[Date "2024.01.23"]
[Round "3"]
[White "Panchenko, Dmitry"]
[Black "Mathieu, Phileas"]
[Result "0-1"]
[WhiteElo "2311"]
[BlackElo "2338"]
[PlyCount "74"]
[EventDate "2024.01.23"]
[EventType "swiss (blitz)"]
[EventRounds "11"]
[EventCountry "USA"]
[SourceTitle "EXT 2025"]
[Source "ChessBase"]
[SourceDate "2024.10.14"]
[SourceVersion "1"]
[SourceVersionDate "2024.10.14"]
[SourceQuality "1"]

1. e4 e5 2. f4 exf4 3. Nf3 Ne7 4. d4 d6 5. Bxf4 Ng6 6. Bg3 Be7 7. Nc3 Nc6 8. Qd2 0-0 9. 0-0-0 Bg4 10. Kb1 Nh4 11. Nxh4 Bxd1 12. Nf5 Bg4 13. Ne3 Bg5 14. h4 Bh6 15. Ncd5 Ne7 16. Nf4 Bd7 17. Bc4 c6 18. Rf1 b5 19. Bd3 f5 20. e5 dxe5 21. dxe5 Ng6 22. Nxg6 hxg6 23. Bf4 Bxf4 24. Rxf4 Be6 25. Qf2 Qc7 26. h5 g5 27. Bxf5 Bxf5 28. Rxf5 Qxe5 29. g4 Rxf5 30. Nxf5 Re8 31. Kc1 Qf4+ 32. Qxf4 gxf4 33. Nh4 Re3 34. Kd2 Rg3 35. Ke2 Rxg4 36. Ng6 Rg2+ 37. Kd3 f3 0-1

[Event "Titled Tuesday intern op 02nd Jan Late"]
[Site "Chess.com INT"]
[Date "2024.01.02"]
[Round "7"]
[White "Bortnyk, Olexandr"]
[Black "Panchenko, Dmitry"]
[Result "1-0"]
[WhiteElo "2608"]
[BlackElo "2311"]
[PlyCount "77"]
[EventDate "2024.01.02"]
[EventType "swiss (blitz)"]
[EventRounds "11"]
[EventCountry "USA"]
[SourceTitle "EXT 2025"]
[Source "ChessBase"]
[SourceDate "2024.10.14"]
[SourceVersion "1"]
[SourceVersionDate "2024.10.14"]
[SourceQuality "1"]

1. e4 c6 2. d4 d5 3. Nc3 dxe4 4. Nxe4 Bf5 5. Ng3 Bg6 6. f4 e6 7. Nf3 Bd6 8. Bc4 Ne7 9. c3 Nd7 10. Qe2 Nf6 11. h4 Nh5 12. Qf2 Nxf4 13. Bxf4 Bxf4 14. h5 Bf5 15. Nh4 Bxg3 16. Qxg3 0-0 17. h6 g6 18. 0-0 Kh8 19. Rae1 Nd5 20. Nxf5 exf5 21. Rxf5 f6 22. Bxd5 cxd5 23. Re6 Qd7 24. Rfxf6 Rxf6 25. Rxf6 Re8 26. Rd6 Qf5 27. Qe5+ Qxe5 28. dxe5 Kg8 29. Rxd5 Kf7 30. Rd7+ Re7 31. Rxe7+ Kxe7 32. Kf2 Ke6 33. Ke3 Kxe5 34. c4 g5 35. g4 Kf6 36. Ke4 Kg6 37. Ke5 Kxh6 38. Kf6 b6 39. b4 1-0

[Event "Titled Tuesday intern op 02nd Jan Late"]
[Site "Chess.com INT"]
[Date "2024.01.02"]
[Round "2"]
[White "Klenburg, Mikhail"]
[Black "Panchenko, Dmitry"]
[Result "0-1"]
[WhiteElo "2331"]
[BlackElo "2311"]
[PlyCount "118"]
[EventDate "2024.01.02"]
[EventType "swiss (blitz)"]
[EventRounds "11"]
[EventCountry "USA"]
[SourceTitle "EXT 2025"]
[Source "ChessBase"]
[SourceDate "2024.10.14"]
[SourceVersion "1"]
[SourceVersionDate "2024.10.14"]
[SourceQuality "1"]

1. e4 c6 2. d3 d5 3. Nd2 dxe4 4. dxe4 e5 5. Ngf3 Nd7 6. Nc4 Qc7 7. a4 a5 8. b3 Ngf6 9. Bb2 Bb4+ 10. c3 Bc5 11. Nfd2 b5 12. axb5 cxb5 13. Ne3 Bxe3 14. fxe3 0-0 15. Bxb5 Nc5 16. 0-0 Ncxe4 17. Nxe4 Nxe4 18. Bc4 Be6 19. Bxe6 fxe6 20. c4 Nc5 21. Qc2 Rxf1+ 22. Rxf1 Rb8 23. Qc3 Rxb3 24. Qxe5 Qxe5 25. Bxe5 Ne4 26. Bd4 a4 27. c5 e5 28. Bxe5 Nxc5 29. Bd6 Ne6 30. Ra1 Rb6 31. Be5 Ra6 32. Ra3 Nc5 33. Kf2 Kf7 34. Ke2 g6 35. Bd4 Nb3 36. Kd3 Ke6 37. Kc4 Kd6 38. Kb5 Ra5+ 39. Kb4 Ra8 40. Bb2 Nc5 41. Bd4 Nb3 42. Bb2 Rb8+ 43. Kc3 Nc5 44. Kc2 Kd5 45. Bd4 Rb4 46. Rc3 Nb3 47. Kd3 Nxd4 48. exd4 Rxd4+ 49. Ke3 Re4+ 50. Kf3 Rb4 51. Rc8 Rb3+ 52. Kf4 a3 53. Ra8 Kc4 54. g4 Kc3 55. h4 Kb2 56. Kg5 Rb7 57. h5 gxh5 58. gxh5 a2 59. h6 a1Q 0-1

[Event "Titled Tuesday intern op 02nd Jan Late"]
[Site "Chess.com INT"]
[Date "2024.01.02"]
[Round "6"]
[White "Panchenko, Dmitry"]
[Black "Hakobyan, Aram"]
[Result "1-0"]
[WhiteElo "2311"]
[BlackElo "2616"]
[PlyCount "67"]
[EventDate "2024.01.02"]
[EventType "swiss (blitz)"]
[EventRounds "11"]
[EventCountry "USA"]
[SourceTitle "EXT 2025"]
[Source "ChessBase"]
[SourceDate "2024.10.14"]
[SourceVersion "1"]
[SourceVersionDate "2024.10.14"]
[SourceQuality "1"]

1. e4 e5 2. Nf3 Nc6 3. Bc4 Nf6 4. d3 d5 5. exd5 Nxd5 6. 0-0 Nb6 7. Bb3 Bg4 8. h3 Bh5 9. Re1 Qe7 10. a4 a5 11. Nc3 0-0-0 12. g4 Bg6 13. Be3 h5 14. g5 Qd7 15. Kh2 f5 16. Nh4 Bf7 17. Bxf7 Qxf7 18. Bxb6 cxb6 19. Qf3 g6 20. Nb5 Bd6 21. Nxd6+ Rxd6 22. Qe3 Qc7 23. f4 Re8 24. Kg1 Rde6 25. Nf3 e4 26. dxe4 Rxe4 27. Qd2 Nb4 28. c3 Qc5+ 29. Kh2 Nd5 30. Rad1 Rxe1 31. Nxe1 Nc7 32. Nf3 Kb8 33. Ne5 Ka7 34. b4 1-0

[Event "Titled Tuesday intern op 02nd Jan Early"]
[Site "Chess.com INT"]
[Date "2024.01.02"]
[Round "7"]
[White "Pavlidou, Ekaterini"]
[Black "Panchenko, Dmitry"]
[Result "0-1"]
[WhiteElo "2206"]
[BlackElo "2311"]
[PlyCount "58"]
[EventDate "2024.01.02"]
[EventType "swiss (blitz)"]
[EventRounds "11"]
[EventCountry "USA"]
[SourceTitle "EXT 2025"]
[Source "ChessBase"]
[SourceDate "2024.10.14"]
[SourceVersion "1"]
[SourceVersionDate "2024.10.14"]
[SourceQuality "1"]

1. d4 d5 2. c4 c6 3. cxd5 cxd5 4. Bf4 Nf6 5. Nc3 Nc6 6. e3 a6 7. Bd3 Bg4 8. f3 Bd7 9. Rb1 e6 10. a3 Nh5 11. Nge2 Nxf4 12. exf4 Bd6 13. b4 Qf6 14. f5 0-0 15. b5 Ne7 16. bxa6 bxa6 17. fxe6 Bxe6 18. Rb6 Bxa3 19. Qb1 h6 20. 0-0 a5 21. Na2 Nf5 22. Nf4 Qxd4+ 23. Kh1 Qxf4 24. g3 Qd4 25. Rb3 Ne3 26. Re1 Bc5 27. Bh7+ Kh8 28. Rd3 Qf6 29. Qb5 Qxf3+ 0-1

[Event "Titled Tuesday intern op 02nd Jan Late"]
[Site "Chess.com INT"]
[Date "2024.01.02"]
[Round "10"]
[White "Spata, German"]
[Black "Panchenko, Dmitry"]
[Result "0-1"]
[WhiteElo "2399"]
[BlackElo "2311"]
[PlyCount "64"]
[EventDate "2024.01.02"]
[EventType "swiss (blitz)"]
[EventRounds "11"]
[EventCountry "USA"]
[SourceTitle "EXT 2025"]
[Source "ChessBase"]
[SourceDate "2024.10.14"]
[SourceVersion "1"]
[SourceVersionDate "2024.10.14"]
[SourceQuality "1"]

1. d4 d5 2. Nf3 Nf6 3. Bf4 c5 4. c3 Nc6 5. e3 Qb6 6. Qb3 c4 7. Qc2 Bf5 8. Qc1 h6 9. h3 e6 10. Nbd2 Be7 11. Be2 0-0 12. 0-0 Rfc8 13. Bd1 Qd8 14. Bc2 b5 15. Ne5 Nxe5 16. Bxe5 Bd3 17. Bxf6 Bxf6 18. Bxd3 cxd3 19. Qb1 b4 20. Qxd3 bxc3 21. bxc3 e5 22. Rfc1 Rab8 23. dxe5 Bxe5 24. Nf3 Bf6 25. Nd4 Qa5 26. a4 g6 27. c4 Qa6 28. Rab1 dxc4 29. Rxb8 cxd3 30. Rbxc8+ Kg7 31. R8c3 d2 32. Rd1 Qxa4 0-1